000 01465cam a2200133 4500500
005 20260405085558.0
041 _afre
042 _adc
100 1 0 _aLe Mao, Caroline
_eauthor
245 0 0 _aLes villes portuaires maritimes dans la France moderne : XVIe-XVIIIe siècle
260 _bArmand Colin,
_c2015.
520 _aLa ville, le port, la mer : à la croisée de ces trois identités, la ville portuaire maritime revêt, dans la France de la seconde modernité, bien des réalités. Du petit port de pêche breton ou normand aux métropoles du grand commerce en passant par les arsenaux, peut-on parler d’une communauté de destin ? Dans quelle mesure l’identité portuaire maritime se distingue-t-elle du fait urbain global ? La question a d’autant plus passionné les historiens que ces cités sont au cœur des grands enjeux du temps : l’ouverture au monde, le triomphe du grand commerce maritime, l’avènement des trafics coloniaux, le cosmopolitisme et la mobilité des populations, les mutations de l’urbanisme, la défense du territoire, le rapport au risque… Unique synthèse sur les cités portuaires en France à l’époque moderne, cet ouvrage met en lumière le renouveau de l’histoire maritime et fait découvrir des espaces originaux à l’identité forte : les villes et leurs ports.
856 4 1 _uhttps://shs.cairn.info/les-villes-portuaires-maritimes-dans-la-france--9782200278205?lang=fr&redirect-ssocas=7080
999 _c2198692
_d2198692